| 000 | 00695nam a22002177a 4500 | ||
|---|---|---|---|
| 999 |
_c20117 _d20117 |
||
| 003 | AR-CdUCM | ||
| 008 | 190527b ||||| |||| 00| 0 spa d | ||
| 040 |
_aMUNICIPALIDAD PROVINCIAL DEL CUSCO _cBIBLIOTECA MUNICIPAL DEL CUSCO |
||
| 041 | _heng | ||
| 082 |
_a181 / _bF41 |
||
| 100 |
_aFestugiére, J. _942078 |
||
| 245 | _aEpicuro y sus dioses / | ||
| 260 |
_aBuenos Aires : _bEudeba, _c1960. |
||
| 300 |
_a71 páginas ; _c25 cm. |
||
| 505 | _aContenido: El hecho religioso en los umbrales de la era helenística -- La amistad Epicúrea... | ||
| 650 |
_aEpicuro _936938 |
||
| 650 |
_aHelenismo _942079 |
||
| 700 |
_aLeón Sigal (traductor) _942080 |
||
| 942 |
_2ddc _cLIBROS |
||
| 945 | _aAndy | ||